| 000 | 01470cam a22003254a 4500 | ||
|---|---|---|---|
| 999 |
_c332216 _d332216 |
||
| 001 | 12875839 | ||
| 003 | NUST | ||
| 005 | 20171120115824.0 | ||
| 008 | 020730s2003 enka b 001 0 eng | ||
| 010 | _a 2002028083 | ||
| 020 | _a0470844213 (cloth : alk. paper) | ||
| 020 | _a0470844221 (pbk. : alk. paper) | ||
| 040 |
_aDLC _cDLC _dDLC |
||
| 042 | _apcc | ||
| 050 | 0 | 0 |
_aTD193 _b.D43 2003 |
| 082 | 0 | 0 |
_a628.50287 DEA _221 |
| 100 | 1 |
_aDean, John R. _9877 |
|
| 245 | 1 | 0 |
_aMethods for environmental trace analysis / _cJohn R. Dean. |
| 260 |
_aChichester, West Sussex, England ; _aHoboken, NJ : _bWiley, _cc2003. |
||
| 300 |
_axxii, 259 p. : _bill. ; _c23 cm. |
||
| 440 | 0 |
_aAnalytical techniques in the sciences _91100 |
|
| 500 | _aP.B | ||
| 504 | _aIncludes bibliographical references (p. 219-225) and index. | ||
| 650 | 0 |
_aPollutants _xAnalysis. _96546 |
|
| 650 | 0 |
_aTrace analysis _xMethodology. _96547 |
|
| 650 | 0 |
_aEnvironmental chemistry _xMethodology. _96548 |
|
| 650 | 0 |
_aSampling. _9160 |
|
| 856 | 4 | 2 |
_3Publisher description _uhttp://www.loc.gov/catdir/description/wiley036/2002028083.html |
| 856 | 4 | 1 |
_3Table of contents _uhttp://www.loc.gov/catdir/toc/wiley031/2002028083.html |
| 906 |
_a7 _bcbc _corignew _d1 _eocip _f20 _gy-gencatlg |
||
| 942 |
_2ddc _cBK _kIESE |
||